| 000 | 00561nam a2200193 a 4500 | ||
|---|---|---|---|
| 005 | 20220622063507.0 | ||
| 008 | 991125s1997 mx 000 0 spa u | ||
| 020 | _a9701802675 | ||
| 035 | _aUPN01000008532 | ||
| 049 | _aI | ||
| 050 | 4 |
_aPZ10.3 _bC82 |
|
| 100 | 1 | _aCulebro, Héctor | |
| 245 | 1 | 3 |
_aEl cocodrilo y la garza / _cHéctor Culebro ; il. de Claudia Dionne y Tere Parra. |
| 260 |
_aMéxico : _bCNCA : _aECO, _c1997. |
||
| 300 |
_a24 p. : _bil. |
||
| 650 | 0 |
_aAnimales _vCuentos y leyendas _9234 |
|
| 650 | 4 |
_aCuentos infantiles _96744 |
|
| 905 | _aInfantil | ||
| 999 |
_c8532 _d8532 |
||